<?xml version="1.0" encoding="UTF-8"?><?xml-stylesheet type="text/xsl" href="static/style.xsl"?><OAI-PMH xmlns="http://www.openarchives.org/OAI/2.0/" xmlns:xsi="http://www.w3.org/2001/XMLSchema-instance" xsi:schemaLocation="http://www.openarchives.org/OAI/2.0/ http://www.openarchives.org/OAI/2.0/OAI-PMH.xsd"><responseDate>2026-05-14T06:36:17Z</responseDate><request verb="GetRecord" identifier="oai:riubu.ubu.es:10259/10821" metadataPrefix="marc">https://riubu.ubu.es/oai/request</request><GetRecord><record><header><identifier>oai:riubu.ubu.es:10259/10821</identifier><datestamp>2025-08-30T22:00:53Z</datestamp><setSpec>com_10259_2699</setSpec><setSpec>col_10259_2719</setSpec></header><metadata><record xmlns="http://www.loc.gov/MARC21/slim" xmlns:doc="http://www.lyncode.com/xoai" xmlns:xsi="http://www.w3.org/2001/XMLSchema-instance" xmlns:dcterms="http://purl.org/dc/terms/" xsi:schemaLocation="http://www.loc.gov/MARC21/slim http://www.loc.gov/standards/marcxml/schema/MARC21slim.xsd">
<leader>00925njm 22002777a 4500</leader>
<datafield tag="042" ind1=" " ind2=" ">
<subfield code="a">dc</subfield>
</datafield>
<datafield tag="720" ind1=" " ind2=" ">
<subfield code="a">Sánchez Ibañez, Francisco Pedro</subfield>
<subfield code="e">author</subfield>
</datafield>
<datafield tag="260" ind1=" " ind2=" ">
<subfield code="c">2024</subfield>
</datafield>
<datafield tag="520" ind1=" " ind2=" ">
<subfield code="a">Esta tesis doctoral examina la práctica colaborativa en el teatro de Agustín Moreto&#xd;
a través del análisis de trece comedias escritas en colaboración con otros dramaturgos del&#xd;
Siglo de Oro español. La investigación combina métodos filológicos tradicionales con&#xd;
herramientas de Humanidades Digitales para identificar patrones estilísticos y determinar&#xd;
la autoría de las diferentes secciones de cada obra. Los resultados revelan que Moreto&#xd;
estrechó vínculos con Matos Fragoso y Cáncer, los colaboradores más asiduos en su&#xd;
producción dramática. El estudio muestra que los colaboradores de Moreto solían dividir&#xd;
el trabajo por jornadas, y reutilizar situaciones y expresiones de otras comedias en un&#xd;
ejercicio creativo de intertextualidad.</subfield>
</datafield>
<datafield tag="024" ind2=" " ind1="8">
<subfield code="a">https://hdl.handle.net/10259/10821</subfield>
</datafield>
<datafield tag="024" ind2=" " ind1="8">
<subfield code="a">10.36443/10259/10821</subfield>
</datafield>
<datafield ind1=" " ind2=" " tag="653">
<subfield code="a">Teatro del Siglo de Oro</subfield>
</datafield>
<datafield ind1=" " ind2=" " tag="653">
<subfield code="a">Comedia en colaboración</subfield>
</datafield>
<datafield ind1=" " ind2=" " tag="653">
<subfield code="a">Agustín Moreto</subfield>
</datafield>
<datafield ind1=" " ind2=" " tag="653">
<subfield code="a">Juan de Matos Fragoso</subfield>
</datafield>
<datafield ind1=" " ind2=" " tag="653">
<subfield code="a">Estilometría</subfield>
</datafield>
<datafield ind1=" " ind2=" " tag="653">
<subfield code="a">Spanish Golden Age Theatre</subfield>
</datafield>
<datafield ind1=" " ind2=" " tag="653">
<subfield code="a">Plays written in collaboration</subfield>
</datafield>
<datafield ind1=" " ind2=" " tag="653">
<subfield code="a">Stylometry</subfield>
</datafield>
<datafield tag="245" ind1="0" ind2="0">
<subfield code="a">La práctica colaborativa en el teatro de Agustín Moreto</subfield>
</datafield>
</record></metadata></record></GetRecord></OAI-PMH>